000 00476nam a2200181Ia 4500
001 9021
005 20260306160653.0
008 260306t2018||||xx |||||||||||||| ||spa||
041 _aESP
082 _a372.35
_bG71
100 _aGonzález García, Francisco
_eAUT
245 0 _aDidáctica de las ciencias experimentales II:
_bprácticas de laboratorio
260 _c2018
300 _a109 páginas :
_c24 cm.
650 _aGEN
654 _aCED
942 _cLIB
_dJUS
_fJUS
_2ddc
_n
999 _c9021
_d9021